Statistics for Country Factfile Puzzle Game #6

Click here to take the quiz!

General Stats

  • This quiz has been taken 59 times
  • The average score is 9 of 11

Answer Stats

Question Category Fact Answer % Correct
In which country would you find the Capital City of Lima?Territories83Peru
100%
What country shares its name with a U.S. state?Letters6Georgia
98%
By land area, what is the largest country in Africa?Area17,075,200 km2Algeria
91%
Which country (besides India) is closest to the Taj Mahal?Borders14Nepal
86%
What is the most populated country that drives on the Left?DrivesRightIndia
83%
What island is situated between Ireland and Great Britain?Latitude41ºN to 82ºNIsle of Man
78%
UNKNOWN COUNTRYRussia
76%
What is the most populated country beginning with the letter "S"?Population144,526,636South Africa
72%
What is the tallest waterfall in the world?National Parks47Angel Falls
71%
In what city would you find the Kowloon peninsula?Nominal GDP$1.522 trillionHong Kong
53%

Score Distribution

Percentile by Number Answered

Percent of People with Each Score

Your Score History

You have not taken this quiz